All ABBA Singles - Statistics

General Stats
  • This quiz has been taken 83 times
  • The average score is 18 of 49
Answer Stats
On Album Answer Peak Chart Position (UK) % Correct
Waterloo Waterloo 1
98%
Super Trouper Super Trouper 1
89%
Arrival Dancing Queen 1
88%
Ring Ring Ring Ring 32
84%
ABBA Mamma Mia 1
83%
Voulez-Vous Voulez-Vous 3
80%
- Fernando 1
73%
Arrival Money, Money, Money 3
73%
ABBA SOS 6
73%
Super Trouper The Winner Takes It All 1
67%
Greatest Hits Vol. 2 Gimme! Gimme! Gimme! (A Man After Midnight) 3
64%
Voulez-Vous Chiquitita 2
58%
ABBA: The Album Thank You for the Music -
53%
ABBA: The Album Take a Chance on Me 1
52%
Voulez-Vous Does Your Mother Know 4
50%
ABBA I Do, I Do, I Do, I Do, I Do 38
50%
Super Trouper Lay All Your Love on Me 7
48%
Arrival Knowing Me, Knowing You 1
44%
The Singles The Day Before You Came 32
42%
The Visitors The Visitors -
42%
Voulez-Vous I Have a Dream 2
41%
Waterloo Honey, Honey -
39%
- Summer Night City 5
39%
ABBA: The Album The Name of the Game 1
39%
The Visitors One of Us -
38%
ABBA: The Album Eagle -
31%
Voulez-Vous Angeleyes 3
28%
Super Trouper Happy New Year -
27%
The Visitors Head over Heels 25
23%
Ring Ring People Need Love -
22%
The Singles Under Attack 26
22%
Ring Ring Nina, Pretty Ballerina -
16%
Voyage Don't Shut Me Down 9
14%
Waterloo Hasta Mañana -
14%
Ring Ring Another Town, Another Train -
13%
ABBA So Long -
13%
The Visitors When All Is Said and Done -
13%
Ring Ring He Is Your Brother -
11%
Super Trouper On and On and On -
11%
ABBA Rock Me -
11%
ABBA Bang-A-Boomerang -
9%
Voyage I Still Have Faith in You 14
9%
ABBA I've Been Waiting for You -
9%
Super Trouper Andante, Andante -
8%
Voulez-Vous As Good as New -
8%
Arrival That's Me -
8%
Ring Ring I Am Just a Girl -
6%
Ring Ring Love Isn't Easy (But It Sure Is Hard Enough) -
3%
Ring Ring Rock'n Roll Band -
3%
No matching quizzes found
Score Distribution
Percent of People with Each Score
Percentile by Number Answered
Your Score History
You have not taken this quiz